LA IMAGEN CORPORATIVA : (Registro nro. 9748)
[ vista simple ]
| 000 -LEADER | |
|---|---|
| fixed length control field | 00554nam a2200181 a 4500 |
| 001 - CONTROL NUMBER | |
| control field | 9748 |
| 005 - DATE AND TIME OF LATEST TRANSACTION | |
| control field | 20180713193752.0 |
| 008 - FIXED-LENGTH DATA ELEMENTS--GENERAL INFORMATION | |
| fixed length control field | 140415s1992 sp 000 0 spa d |
| 041 ## - LANGUAGE CODE | |
| Language code of text/sound track or separate title | spa |
| 082 ## - DEWEY DECIMAL CLASSIFICATION NUMBER | |
| Classification number | 658.4 |
| Item number | IND |
| 100 1# - MAIN ENTRY--PERSONAL NAME | |
| Personal name | IND, NICHOLAS |
| 245 13 - TITLE STATEMENT | |
| Title | LA IMAGEN CORPORATIVA : |
| Remainder of title | ESTRATEGIAS PARA DESARROLLAR PROGRAMAS DE IDENTIDAD EFICACES |
| 250 ## - EDITION STATEMENT | |
| Edition statement | 1a ed. |
| 260 ## - PUBLICATION, DISTRIBUTION, ETC. | |
| Place of publication, distribution, etc. | ESPAÑA : |
| Name of publisher, distributor, etc. | EDICIONES DIAZ DE SANTOS, |
| Date of publication, distribution, etc. | 1992 |
| 300 ## - PHYSICAL DESCRIPTION | |
| Extent | 196 |
| 650 14 - SUBJECT ADDED ENTRY--TOPICAL TERM | |
| Topical term or geographic name entry element | ADMINISTRACION |
| General subdivision | COMUNICACION EN ADMINISTRACION |
| 740 ## - ADDED ENTRY--UNCONTROLLED RELATED/ANALYTICAL TITLE | |
| Uncontrolled related/analytical title | THE CORPORATE IMAGE |
| Withdrawn status | Lost status | Source of classification or shelving scheme | Damaged status | Not for loan | Collection code | Home library | Current library | Shelving location | Date acquired | Source of acquisition | Inventory number | Total Checkouts | Full call number | Barcode | Date last seen | Price effective from | Koha item type |
|---|---|---|---|---|---|---|---|---|---|---|---|---|---|---|---|---|---|
| Dewey Decimal Classification | General | Biblioteca Karol Wojtyla | Biblioteca Karol Wojtyla | Sala general | 03/12/2013 | Compra | 151000000000000000014718 | 658.4 IND | 26640 | 05/01/2026 | 03/12/2013 | Libro | |||||
| No inventariado | Dewey Decimal Classification | Biblioteca Karol Wojtyla | Biblioteca Karol Wojtyla | 03/12/2013 | Compra | 658.4 IND | 24210 | 03/12/2013 | Libro |